| 000 | 00337nam a2200133Ia 4500 | ||
|---|---|---|---|
| 005 | 20251222141800.0 | ||
| 008 | 251222s9999||||xx |||||||||||||| ||spa|| | ||
| 020 | _a978-9972-2710-9-0 | ||
| 082 | _a287.7/O56 | ||
| 100 | _aOƱoro C., Fidel | ||
| 245 | 2 | _aA la escucha del Maestro: | |
| 264 | _bConferencia Episcopal Peruana | ||
| 942 | _cLIB | ||
| 999 |
_c6133 _d6133 |
||